Construcción de edificio para la Red Nicaragüense de Comercio Comunitario-RENICC
Presenta la construcción de edificio para la Red Nicaragüense de Comercio Comunitario RENICC. El objetivo consiste en compartir y retroalimentar conocimientos en todo el proceso de construcción del edificio, relacionándose directamente con cada actividad y minimizando pérdidas de tiempo y mater...
| Main Author: | |
|---|---|
| Other Authors: | |
| Format: | Tesis Section = Libro |
| Language: | Undetermined Spanish |
| Published: |
Managua
UNI
2018
|
| Subjects: |
| LEADER | 01179nam a2200265Ia 4500 | ||
|---|---|---|---|
| 008 | 240830s9999 xx 000 0 und d | ||
| 040 | |a BIBLIOTECA-RUSB/ Mon 728 C965 | ||
| 041 | |a spa | ||
| 082 | |a Mon 728 C965 | ||
| 100 | 1 | |a Cuestas Espinoza, José Rafael | |
| 245 | 1 | 0 | |a Construcción de edificio para la Red Nicaragüense de Comercio Comunitario-RENICC |
| 260 | |a Managua |b UNI |c 2018 | ||
| 300 | |a 43 p. :il. | ||
| 500 | |a Contiene: Informe de práctica profesional, anexos y CD. | ||
| 502 | |a Tesis (Arquitecto) - UNI, 2018. | ||
| 520 | 3 | |a Presenta la construcción de edificio para la Red Nicaragüense de Comercio Comunitario RENICC. El objetivo consiste en compartir y retroalimentar conocimientos en todo el proceso de construcción del edificio, relacionándose directamente con cada actividad y minimizando pérdidas de tiempo y materiales. | |
| 650 | 7 | |a EDIFICIOS-DISEÑO Y CONSTRUCCION | |
| 650 | 7 | |b ARQUITECTURA-DISEÑOS Y PLANOS | |
| 650 | 7 | |c PRACTICAS PROFESIONALES | |
| 650 | 7 | |d FORMACION PROFESIONAL | |
| 650 | 7 | |e SISTEMAS CONSTRUCTIVOS | |
| 700 | 1 | |a Tutor: |b Castellón Chávez, Alejandro | |
| 942 | |c BK |2 ddc | ||
| 991 | |a TESIS | ||
| 999 | |c 21432 | ||